Информационное обеспечение науки: новые технологии (Запись № 11737319)

Подробности
000 -МАРКЕР
контрольное поле 02721nam0a2200409 4500
001 - ИДЕНТИФИКАТОР ЗАПИСИ
контрольное поле RU\NLR\BIBL_A\011447854
005 - ИДЕНТИФИКАТОР ВЕРСИИ
контрольное поле 20260406110828.0
010 ## - МЕЖДУНАРОДНЫЙ СТАНДАРТНЫЙ НОМЕР КНИГИ (ISBN)
Номер (ISBN) 9785829504960
Тираж 100
021 ## - НОМЕР ГОСУДАРСТВЕННОЙ РЕГИСТРАЦИИ
Код страны Российская Федерация
Номер 2017-50438
Номер Листа государственной регистраци 3620
035 ## - ДРУГИЕ СИСТЕМНЫЕ НОМЕРА
Идентификатор записи (RuMoRGB)008933370
035 ## - ДРУГИЕ СИСТЕМНЫЕ НОМЕРА
Идентификатор записи (NLR Aleph) 011447854
100 ## - ДАННЫЕ ОБЩЕЙ ОБРАБОТКИ
Данные общей обработки 20170802d2016 k y0rusy50 ca
101 0# - ЯЗЫК РЕСУРСА
Язык текста, звукозаписи и т.д. русский
102 ## - СТРАНА ПУБЛИКАЦИИ ИЛИ ПРОИЗВОДСТВА
Страна публикации Российская Федерация
105 ## - ПОЛЕ КОДИРОВАННЫХ ДАННЫХ: ТЕКСТОВЫЕ МАТЕРИАЛЫ, МОНОГРАФИЧЕСКИЕ
Кодированные данные о монографическом текстовом документе a z 100zy
200 1# - ЗАГЛАВИЕ И СВЕДЕНИЯ ОБ ОТВЕТСТВЕННОСТИ
Основное заглавие Информационное обеспечение науки: новые технологии
Сведения, относящиеся к заглавию сборник научных трудов
-- [доклады XX-го научного семинара с международным участием (Екатеринбург, 19-23 сентября 2016 г.)
Первые сведения об ответственности ответственный редактор: П. П. Трескова, кандидат педагогических наук]
210 ## - ПУБЛИКАЦИЯ, РАСПРОСТРАНЕНИЕ И ДР.
Место издания, распространения и т.д. Екатеринбург
Имя издателя, распространителя и т. д. Изд-во УМЦ УПИ
Дата издания, распространения и т.д. 2016
215 ## - ФИЗИЧЕСКАЯ ХАРАКТЕРИСТИКА
Специфическое обозначение материала и объем 235 с.
Другие сведения о физической характеристике ил., табл.
Размеры 20
300 ## - ОБЩИЕ ПРИМЕЧАНИЯ
Текст примечания В надзаг.: Федеральное государственное бюджетное учреждение науки, Центральная научная библиотека Уральского отделения Российской академии наук
320 ## - ПРИМЕЧАНИЯ О НАЛИЧИИ В ДОКУМЕНТЕ БИБЛИОГРАФИИ / УКАЗАТЕЛЯ
Текст примечания Библиогр. в конце ст.
606 1# - НАИМЕНОВАНИЕ ТЕМЫ КАК ПРЕДМЕТ
Наименование темы Научно-исследовательская работа
Формальный подзаголовок Съезды, совещания и т.п.
Тематический подзаголовок Информационное обслуживание
Системный номер авторитетной/нормативной записи 1679257
Идентификатор авторитетной/нормативной записи RU\NLR\AUTH\66745425
606 1# - НАИМЕНОВАНИЕ ТЕМЫ КАК ПРЕДМЕТ
Наименование темы Библиотеки
Формальный подзаголовок Съезды, совещания и т.п.
Тематический подзаголовок Информационно-библиографическая работа
Системный номер авторитетной/нормативной записи 2272923
Идентификатор авторитетной/нормативной записи RU\NLR\AUTH\661362225
606 ## - НАИМЕНОВАНИЕ ТЕМЫ КАК ПРЕДМЕТ
Наименование темы Электронные библиотеки
Формальный подзаголовок Съезды, совещания и т.п.
Системный номер авторитетной/нормативной записи 2237379
Идентификатор авторитетной/нормативной записи RU\NLR\AUTH\661342676
686 ## - ИНДЕКСЫ ДРУГИХ КЛАССИФИКАЦИЙ
Индекс Ч215.34я43
Код системы
686 ## - ИНДЕКСЫ ДРУГИХ КЛАССИФИКАЦИЙ
Индекс Ч215.35я43
Код системы
686 1# - ИНДЕКСЫ ДРУГИХ КЛАССИФИКАЦИЙ
Индекс Ч215.34я43
686 1# - ИНДЕКСЫ ДРУГИХ КЛАССИФИКАЦИЙ
Индекс Ч735.272я43
686 1# - ИНДЕКСЫ ДРУГИХ КЛАССИФИКАЦИЙ
Индекс Ч738.3я43
702 #1 - ИМЯ ЛИЦА - ВТОРИЧНАЯ ОТВЕТСТВЕННОСТЬ
Начальный элемент ввода Трескова
Часть имени, кроме начального элемента ввода П. П.
Расширение инициалов личного имени Полина Прокопьевна
Код отношения Редактор
711 12 - НАИМЕНОВАНИЕ ОРГАНИЗАЦИИ - АЛЬТЕРНАТИВНАЯ ОТВЕТСТВЕННОСТЬ
Начальный элемент ввода "Информационное обеспечение науки: новые технологии", научный семинар с международным участием
Порядковый номер временной организации и / или порядковый номер ее части 20
Место проведения временной организации Екатеринбург
Дата проведения временной организации 2016
Системный номер авторитетной/нормативной записи 565037
Идентификатор авторитетной/нормативной записи RU\NLR\AUTH\880450707
712 02 - НАИМЕНОВАНИЕ ОРГАНИЗАЦИИ - ВТОРИЧНАЯ ОТВЕТСТВЕННОСТЬ
Код отношения Прочие
Начальный элемент ввода Российская академия наук
Структурное подразделение Уральское отделение
-- Центральная научная библиотека
Системный номер авторитетной/нормативной записи 283943
Идентификатор авторитетной/нормативной записи RU\NLR\AUTH\886101
942 ## - ДОПОЛНИТЕЛЬНЫЕ ЭЛЕМЕНТЫ ЗАПИСИ (АБИС)
Тип экземпляра АБИС Книга
980 ## - КОЛЛЕКЦИЯ
Название коллекции НБР

Нет доступных экземпляров.